000 00578nam a2200181Ia 4500
003 IN-BaIIA
008 211028s9999 xx 000 0 eng d
040 _cIIA Library
080 _a081:53
_bCHA-3
100 _aRutherford, Ernest
_91526
245 4 _aThe collected papers of Lord Rutherford of Nelson
_bvol. 3
_cErnest Rutherford
260 _aLondon
_bGeorge Allen & Unwin
_c1965
300 _a428p.
650 _aCollected works-Lord Rutherford Nelson
_94017
650 _aNASA thesaurus
700 _aChadwick, James
_91530
942 _cBK
999 _c2577
_d2577